Rozvoj ekonomických teórií

Salvato in:
Dettagli Bibliografici
Autore principale: Petričová, Jarmila
Ente Autore: Ekonomická univerzita v Bratislave. Ústav jazykov
Natura: Libro
Lingua:slovacco
spagnolo
Pubblicazione: Bratislava Vydavateľstvo Ekonóm 1998
Serie:Bilingválne prednášky z ekonomických a podnikovo-hospodárskych vied
Soggetti:
Tags: Aggiungi Tag
Nessun Tag, puoi essere il primo ad aggiungerne!!

MARC

LEADER 00000nam a2200000 4500
001 c102555
005 20240111125016.3
020 |a 80-225-1005-X 
041 0 |a slo 
041 0 |a spa 
044 |a SK 
245 1 0 |a Rozvoj ekonomických teórií  |c Jarmila Petričová 
264 1 |a Bratislava  |b Vydavateľstvo Ekonóm  |c 1998 
300 |a [44] s. 
490 1 |a Bilingválne prednášky z ekonomických a podnikovo-hospodárskych vied 
830 0 |a Bilingválne prednášky z ekonomických a podnikovo-hospodárskych vied 
610 2 0 |a španielčina 
610 2 0 |a slovenčina 
610 2 0 |a ekonómia 
610 2 0 |a školy vysoké 
610 2 0 |a teórie ekonomické 
100 1 |a Petričová, Jarmila 
710 2 |a Ekonomická univerzita v Bratislave. Ústav jazykov